000 01119nam a22001937a 4500
003 OSt
005 20251117153134.0
008 251117b |||||||| |||| 00| 0 eng d
040 _cDCL
082 _a၂၉၄.၃၈၂၃၅၃
130 _aတိပိဋက။
_pသုတ္တန္တပိဋက။
_pခုဒ္ဒကနိကာယ။
_tဇာတက၊
_lအဋ္ဌကထာ၊
_sနိဿယ။
245 _aဇာတကအဋ္ဌကထာနိဿယ ၊
_nဧကာဒဿကတွဲ (မဟာနိပါတ်-ဥမင်္ဂဇာတ်) /
_cဘဒ္ဒန္တကေသရ။
264 _aမန္တလေး ၊
_bနိုင်ငံတော်ပရိယတ္တသာသနာ့တက္ကသိုလ်၊
_c၂၀၁၇။
300 _aကူ၊ ၄၀၉ စာမျက်နှာ ၊
_c၂၆ စင်တီ။
650 _aဇာတက
_vအဋ္ဌကထာနိဿယ။
650 _aမဟာနိပါတ်
_xအဋ္ဌကထာနိဿယ။
700 _aကေသရ၊ ဘဒ္ဒန္တ
942 _2ddc
_cSHORT TERM
_n0
999 _c2511
_d2511